Bàn tay kẻ lạ mặt
Kaydedildi:
| Yazar: | |
|---|---|
| Materyal Türü: | Kitap |
| Baskı/Yayın Bilgisi: |
Tổng hợp khánh hoà
1990
|
| Etiketler: |
Etiketle
Etiket eklenmemiş, İlk siz ekleyin!
|
| Thư viện lưu trữ: | Mạng thư viện Đại học Đà Nẵng |
|---|
| LEADER | 00678nam a2200229 4500 | ||
|---|---|---|---|
| 001 | 000004774 | ||
| 003 | 915 | ||
| 005 | 20150812140845.0 | ||
| 008 | 110804s1990 sd | ||
| 100 | 0 | |a Robert | |
| 245 | 0 | 0 | |a Bàn tay kẻ lạ mặt |c Robert |
| 260 | |b Tổng hợp khánh hoà |c 1990 | ||
| 774 | |a Robert Daley |d Tổng hợp Khánh Hoà |d 1990 |g Tập 1 |h 278 tr. |w 917 | ||
| 774 | |a Robert Daley |d Tổng hợp Khánh Hoà |d 1990 |g Tập 2 |h 2782tr. |w 918 | ||
| OWN | |a LSP | ||
| 999 | |a From the UDN01 | ||
| TYP | |a Monograph | ||
| TYP | |a Printed language | ||
| 980 | |a Mạng thư viện Đại học Đà Nẵng | ||